[Event "Fellbach Oeffingen op 2nd"]
[Site "Fellbach Oeffingen"]
[Date "2011.06.12"]
[Round "4"]
[White "Haussler, Rolf"]
[Black "Seifert, Martin"]
[Result "0-1"]
[WhiteElo "1652"]
[BlackElo "1877"]
[PlyCount "112"]
[EventDate "2011.06.11"]
[EventType "swiss"]
[EventRounds "7"]
[EventCountry "GER"]
[SourceTitle "CBM 142 Extra"]
[Source "ChessBase"]
[SourceDate "2011.06.27"]
[SourceVersion "1"]
[SourceVersionDate "2011.06.27"]
[SourceQuality "1"]

1. e4 e6 2. d4 d5 3. Nc3 Nf6 4. Bg5 Bb4 5. e5 h6 6. Bd2 Bxc3 7. Bxc3 Ne4 8. Nf3 Nxc3 9. bxc3 0-0 10. Bd3 c5 11. 0-0 Nc6 12. Qd2 Qa5 13. Rfd1 Bd7 14. Rab1 Qc7 15. h3 Rac8 16. Qe3 Na5 17. Nh2 c4 18. Be2 Ba4 19. Rd2 Qe7 20. Rb4 Bd7 21. g3 Rc6 22. Ng4 Kh7 23. f4 Ra6 24. Bf3 b6 25. Nf2 Nc6 26. Rb2 Qa3 27. Nd1 Ne7 28. g4 Ra5 29. Rg2 Ng6 30. Rg3 Qe7 31. g5 Nh4 32. Qd2 hxg5 33. fxg5 Nf5 34. Rg4 Rh8 35. Ne3 Kg8 36. Nxf5 exf5 37. Rg3 g6 38. Bg2 Be6 39. Kf2 Rh4 40. Bf3 Qa3 41. Qc1 Qxc3 42. Kg2 Ra3 43. Rb3 Rxb3 44. axb3 cxb3 45. Bd1 b2 46. Qb1 Qxd4 47. Rd3 Qxe5 48. c3 Qf4 49. Qxb2 Qxg5+ 50. Rg3 Qf6 51. Qa3 f4 52. Rf3 Bf5 53. Kh2 Be4 54. Rf2 Qe5 55. Bg4 f3+ 56. Kg1 Qg3+ 0-1

[Event "Fellbach Oeffingen op 2nd"]
[Site "Fellbach Oeffingen"]
[Date "2011.06.11"]
[Round "1"]
[White "Gustain, Marc"]
[Black "Haussler, Rolf"]
[Result "1-0"]
[WhiteElo "2091"]
[BlackElo "1652"]
[PlyCount "75"]
[EventDate "2011.06.11"]
[EventType "swiss"]
[EventRounds "7"]
[EventCountry "GER"]
[SourceTitle "CBM 142 Extra"]
[Source "ChessBase"]
[SourceDate "2011.06.27"]
[SourceVersion "1"]
[SourceVersionDate "2011.06.27"]
[SourceQuality "1"]

1. e4 c5 2. Nf3 d6 3. d4 cxd4 4. Nxd4 Nf6 5. Nc3 a6 6. Bg5 e6 7. f4 Be7 8. Qf3 Qc7 9. 0-0-0 Nbd7 10. g4 b5 11. Bxf6 gxf6 12. Bd3 Nb6 13. Rhe1 Bb7 14. f5 e5 15. Nde2 Rc8 16. Ng3 Nc4 17. Bxc4 Qxc4 18. Qe2 Qxe2 19. Rxe2 0-0 20. Nd5 Bxd5 21. Rxd5 Rc5 22. Red2 Rfc8 23. a3 Bf8 24. Kb1 Rxd5 25. Rxd5 Rc4 26. Rd3 Be7 27. b3 Rc8 28. Kb2 Kg7 29. Ne2 Kh6 30. Rh3+ Kg7 31. Nc3 Bd8 32. Nd5 Rc5 33. Rd3 Rc6 34. Nb4 Rb6 35. Rc3 a5 36. Nd5 Ra6 37. Ka2 Kh6 38. Rc8 1-0